000
00327pab a2200133 454500
008
180718b2017 xxu||||| |||| 00| 0 eng d
100
_a
Arzayeva, Maiya et al
245
_a
Islamic finance in a global context
260
_c
2017
300
_a
p.229-238.
650
_a
Islamic law
773
_a
Man in India
909
_a
115812
999
_c
115806
_d
115806